LIBRARY & INFORMATION CENTRE, KCAET, TAVANUR

ONLINE PUBLIC ACCESS CATALOGUE (OPAC)

Alexander Pope: an essay on criticism Windsor Forest the rape of the lock / (Record no. 11859)

MARC details
000 -LEADER
fixed length control field 00459cam a2200157ua 4500
041 ## - LANGUAGE CODE
Language code of text/sound track or separate title eng
082 ## - DEWEY DECIMAL CLASSIFICATION NUMBER
Classification number 828.09
Item number TRO/AL
100 ## - MAIN ENTRY--AUTHOR NAME
Personal name Trott, Anthony .
245 ## - TITLE STATEMENT
Title Alexander Pope: an essay on criticism Windsor Forest the rape of the lock /
260 ## - PUBLICATION, DISTRIBUTION, ETC. (IMPRINT)
Place of publication London :
Name of publisher MacMillan and Company Limited ,
Year of publication 1966.
300 ## - PHYSICAL DESCRIPTION
Number of Pages 253 ; .
700 1# - ADDED ENTRY--PERSONAL NAME
Personal name Martin, Axford .
942 ## - ADDED ENTRY ELEMENTS (KOHA)
Koha item type Books
Holdings
Withdrawn status Lost status Damaged status Home library Current library Date acquired Full call number Accession Number Koha item type
Withdrawn     KAUAET Sanskrit University 07/04/2012 828.09 11832 Books
free website counter